|
|
|
|
| LEADER |
00000nam a2200000Ii 4500 |
| 001 |
DIGUQBAR0005 |
| 003 |
NyNyDIG |
| 006 |
m o d |
| 007 |
cr ||||||||||| |
| 008 |
131101s2006 cl ob 000 0 spa d |
| 020 |
|
|
|a 9789568601007
|q (eBook)
|
| 020 |
|
|
|z 9568601007
|
| 020 |
|
|
|z 9789568601003
|
| 035 |
|
|
|a (OCoLC)741515995
|
| 040 |
|
|
|a DGITA
|b eng
|e pn
|c DGITA
|
| 043 |
|
|
|a s-cl---
|
| 050 |
1 |
4 |
|a F3126 eBook
|
| 100 |
1 |
|
|a Mora Penroz, Ziley.
|
| 245 |
1 |
0 |
|a Magia y secretos de la mujer mapuche :
|b sexualidad y sabiduría ancestral /
|c Ziley Mora.
|
| 264 |
|
1 |
|a Santiago, Chile :
|b Uqbar Editores,
|c 2006.
|
| 300 |
|
|
|a 1 online resource (178 pages)
|
| 336 |
|
|
|a text
|b txt
|2 rdacontent
|
| 337 |
|
|
|a computer
|b c
|2 rdamedia
|
| 338 |
|
|
|a online resource
|b cr
|2 rdacarrier
|
| 504 |
|
|
|a Includes bibliographical references (p. 169-173).
|
| 650 |
|
0 |
|a Medicine, Traditional
|z Chile.
|
| 650 |
|
0 |
|a Anthropology, Cultural
|z Chile.
|
| 650 |
|
0 |
|a Genital Diseases, Female
|z Chile.
|
| 650 |
|
0 |
|a Indians, South American
|z Chile.
|
| 650 |
|
0 |
|a Obstetrics
|z Chile.
|
| 650 |
|
0 |
|a Mapuche women.
|
| 650 |
|
0 |
|a Mapuche Indians
|x Medicine.
|
| 650 |
|
0 |
|a Traditional medicine
|z Chile.
|
| 655 |
|
0 |
|a Electronic books.
|
| 791 |
2 |
|
|a Digitalia (Firm),
|e distributor.
|
| 793 |
0 |
|
|g Digitalia eBook Collection:
|a Uqbar Editores.
|
| 856 |
4 |
0 |
|3 Digitalia Hispánica
|u https://www.digitaliapublishing.com/a/21295/
|
| 910 |
|
|
|a Premium Collection: 2007-2012
|